| 000 | 00564nam a22001697a 4500 | ||
|---|---|---|---|
| 008 | 230418b |||||||| |||| 00| 0 eng d | ||
| 040 |
_aNational Science Library _cNational Science Library |
||
| 080 |
_a371.214:378.9(774) _bK4 |
||
| 245 |
_aFerris state college school bulletin _c/Ferris State College Big Rapids, Catalog for 1964-1965 |
||
| 260 |
_aMichigan: _bFerris State College Big Rapids, _c1884 |
||
| 300 | _a311p. | ||
| 490 |
_aOfficial series _vNo.9 |
||
| 500 | _aVol. 40, | ||
| 650 | _aSchool bulletin | ||
| 653 | _aCatalog | ||
| 942 |
_2udc _cREF |
||
| 999 |
_c20642 _d20642 |
||